000 01442ngm a2200325 4500
003 dpl
005 20090112122239.0
007 DVD
008 ||||||sp199 xxu|||||c ||| 00| 0 ng d
010 _aDVD-002050-2052
024 _c295.00
_aTDIDE 445C
035 _aDVD-002050-2052
040 _aDPL
_cDPL
082 _aDVD / CALL
245 _aCall of Shiva
_cTimes Music Presents
_h[videorecording] DVD/
260 _bTimes Music
300 _a1 compactdisc ACD;
_bsd.,
_c4 3/4 in.
_fACD
440 _aTimes Music
538 _aDolby Digital 5.1 - Hindi Subtitles: English
538 _aAnamorphic Wide Screen Format, Presented 2:35.1 Aspect Ratio Enhancaead for 16:9 Wide Screen
650 _aAudio
700 _aChaurasia, Rakesh
700 _aBhavani Shankar
700 _aTalwalkar, Satyajit
942 _cCF
_2ddc
_hDVD
_mCALL
999 _c20867
_d20867